Name the singer by their album cover #2 - Statistics

General Stats
  • This quiz has been taken 52 times
  • The average score is 9 of 12
Answer Stats
Picture Answer % Correct
Ariana Grande
98%
Drake
98%
Nicki Minaj
98%
Bruno Mars
96%
Lizzo
84%
Eminem
80%
Olivia Rodrigo
80%
Kendrick Lamar
69%
Charli xcx
61%
SZA
61%
Snoop Dogg
33%
Doja Cat
31%
No matching quizzes found
Score Distribution
Percent of People with Each Score
Percentile by Number Answered
Your Score History
You have not taken this quiz